000 00771nas a2200241 4500
001 BR0900421
003 BR-BrBNA
005 20231205113014.0
007 ta
008 230509b bl.|||p| |||| 00| 00por d
040 _aBR-BrBNA
_bpor
_cBiblioteca Nacional de Agricultura
041 _a(Pt)
072 _aF30
100 1 _aCavalcante, E. da S.
100 1 _aFarias Neto, J.T. de
245 1 _aAvaliação de progênies de meio-irmãos da população de milho CMS 14 no Estado do Amapá
650 _aMELHORAMENTO
650 _aVARIAÇÃO GENÉTICA
650 _aPROGÊNIE
773 0 _tRevista de Ciências Agrárias (Brazil)
_xISSN 1517-591X
_g(Jan-Jun 2006), (no. 45) p. 37-44
_wBR0900421
909 _a202311
_bLúcia
_c55
_dLúcia Elande
942 _2AGRIS
_n0
_cANA
999 _c201287
_d201287